• 首页
  • 本馆介绍
  • 公告通知
  • 最新文献
  • 馆藏检索
  • 电子资源
  • 读者导购
  • 参考咨询
  • 我的图书馆
  • 登录
  • 详细信息显示
  • 放入我的书架
  • 预约/预借图书
  • 作者相关作品
  • 分类相关作品
  • 丛书相关作品
  • 出版社相关作品

书目信息

  • 表格格式
  • 工作单格式
  • 卡片格式
题名:
经济地理学
    
 
作者: 刘艳芳 编著
分册:  
出版信息: 北京   科学出版社  2006
页数: 10,362页
开本: 24cm
丛书名:
单 册:
中图分类: F119.9
科图分类:
主题词: 经济地理学--高等学校--教材
电子资源:
ISBN: 978-7-03-016785-9
000 00982nam0 2200265 450
001 012004028668
005 20070805081216.04
009 012004028668
010    @a978-7-03-016785-9@dCNY28.00
035    @a(110019)012006013436
100    @a20060403e20072006em y0chiy0110 ea
101 0  @achi
102    @aCN@b110000
105    @ay z 000yy
106    @ar
200 1  @a经济地理学@Ajing ji di li xue@e原理、方法与应用@Eyuan li、 fang fa yu ying yong@f刘艳芳等编著@Fliu yan fang deng bian zhu
210    @a北京@c科学出版社@d2006@h2007重印
215    @a10,362页@d24cm
300    @a21世纪高等院校教材
330    @a本书分4篇共14章,以经济活动地理空间组织(决策)为主线,围绕经济活动体系与地理环境系统相结合的环境、状态、结构和过程,以及相宜和谐结合的特征、方式和标准,系统地探讨了经济活动地理空间组织的基本原理等。
606 0  @a经济地理学@x高等学校@j教材
690    @aF119.9@v4
701  0 @a刘艳芳@Aliu yan fang@4编著
801  0 @aCN@b110019@c20070805
905    @dF119.9@e133@f4
    
    经济地理学:原理、方法与应用/刘艳芳等编著.-北京:科学出版社,2006(2007重印)
    10,362页;24cm
    21世纪高等院校教材
    
    ISBN 978-7-03-016785-9:CNY28.00
    本书分4篇共14章,以经济活动地理空间组织(决策)为主线,围绕经济活动体系与地理环境系统相结合的环境、状态、结构和过程,以及相宜和谐结合的特征、方式和标准,系统地探讨了经济活动地理空间组织的基本原理等。
●
相关链接 在E读中查询图书 在五车中查询图书 在当当中查询图书 在豆瓣中查询图书


正题名:经济地理学     索取号:F119.9/133         预约/预借

序号 登录号 条形码 馆藏地/架位号 状态 备注
1 0852761   208527619   第一样本阅览室/ [索取号:F119.9/133] 在馆    
2 0852762   208527628   第一借阅区/ [索取号:F119.9/133] 在馆    
3 0852763   208527637   第一借阅区/ [索取号:F119.9/133] 在馆    
4 0852764   208527646   第一借阅区/ [索取号:F119.9/133] 在馆    
唐山师范学院图书馆 欢迎您!
大连网信软件有限公司© 版权所有